Reorganization and renewal : (Record no. 767)

000 -LEADER
fixed length control field 01306nam a22003617a 4500
001 - CONTROL NUMBER
control field 4962242
003 - CONTROL NUMBER IDENTIFIER
control field OSt
005 - DATE AND TIME OF LATEST TRANSACTION
control field 20210422052436.0
008 - FIXED-LENGTH DATA ELEMENTS--GENERAL INFORMATION
fixed length control field 970416s1997 ilua b 001 0 eng c
010 ## - LIBRARY OF CONGRESS CONTROL NUMBER
LC control number 97018702
020 ## - INTERNATIONAL STANDARD BOOK NUMBER
International Standard Book Number 156793062X (alk. paper)
040 ## - CATALOGING SOURCE
Original cataloging agency DNLM/DLC
Transcribing agency DLC
Modifying agency DLC
050 00 - LIBRARY OF CONGRESS CALL NUMBER
Classification number RA971
Item number .L65 1997
060 10 - NATIONAL LIBRARY OF MEDICINE CALL NUMBER
Classification number WX 150 L842f 1997
080 ## - UNIVERSAL DECIMAL CLASSIFICATION NUMBER
Universal Decimal Classification number 614
Item number L-88
082 00 - DEWEY DECIMAL CLASSIFICATION NUMBER
Classification number 362.1/068
Edition number 21
100 1# - MAIN ENTRY--PERSONAL NAME
Personal name Lombardi, Donald N.,
Dates associated with a name 1956-
245 10 - TITLE STATEMENT
Title Reorganization and renewal :
Remainder of title strategies for healthcare leaders /
Statement of responsibility, etc. Donald N. Lombardi.
260 ## - PUBLICATION, DISTRIBUTION, ETC.
Place of publication, distribution, etc. Chicago :
Name of publisher, distributor, etc. Health Administration Press,
Date of publication, distribution, etc. c1997.
300 ## - PHYSICAL DESCRIPTION
Extent xiii, 218 p. :
Other physical details ill. ;
Dimensions 23 cm.
490 1# - SERIES STATEMENT
Series statement Management series
504 ## - BIBLIOGRAPHY, ETC. NOTE
Bibliography, etc. note Includes bibliographical references and index.
650 #0 - SUBJECT ADDED ENTRY--TOPICAL TERM
Topical term or geographic name entry element Health facilities
General subdivision Administration.
650 #0 - SUBJECT ADDED ENTRY--TOPICAL TERM
Topical term or geographic name entry element Corporate reorganizations.
650 12 - SUBJECT ADDED ENTRY--TOPICAL TERM
Topical term or geographic name entry element Health Facilities
General subdivision organization & administration.
650 12 - SUBJECT ADDED ENTRY--TOPICAL TERM
Topical term or geographic name entry element Organizational Innovation.
650 22 - SUBJECT ADDED ENTRY--TOPICAL TERM
Topical term or geographic name entry element Hospital Restructuring.
653 ## - INDEX TERM--UNCONTROLLED
Uncontrolled term ჯანდაცვა
830 #0 - SERIES ADDED ENTRY--UNIFORM TITLE
Uniform title Management series (Ann Arbor, Mich.)
906 ## - LOCAL DATA ELEMENT F, LDF (RLIN)
a 7
b cbc
c orignew
d 1
e ocip
f 19
g y-gencatlg
942 ## - ADDED ENTRY ELEMENTS (KOHA)
Source of classification or shelving scheme
Koha item type Books
Holdings
Withdrawn status Lost status Source of classification or shelving scheme Damaged status Not for loan Permanent location Current location Date acquired Inventory number Total Checkouts Full call number Barcode Date last seen Price effective from Koha item type
          Ken Walker International University Ken Walker International University 12/21/2020 2198   614 L-88 2198 12/21/2020 12/21/2020 Books

Powered by Koha